Britain's biggest house builders: supplement (Record no. 73695)

MARC details
000 -LEADER
fixed length control field 01485cam a2200217 4500
001 - CONTROL NUMBER
control field ABS67128
008 - FIXED-LENGTH DATA ELEMENTS--GENERAL INFORMATION
fixed length control field 031029n2003 000 0 eng u
035 ## - SYSTEM CONTROL NUMBER
System control number (Sirsi) u124159
245 ## - TITLE STATEMENT
Title Britain's biggest house builders: supplement
260 ## - PUBLICATION, DISTRIBUTION, ETC.
Date of publication, distribution, etc. 2003
490 ## - SERIES STATEMENT
Series statement House Builder
Volume/sequential designation 62(9) October 2003, 1-32(17) (LOAN)
520 ## - SUMMARY, ETC.
Summary, etc. Contains articles on the industry's key players, market reporting and house builder rankings: "Interesting times" analyses the results from the new House Builder "Housing market intelligence report"; "Adapt or die" provides insights from the chief executive of Bovis Homes on the problems facing the boards of UK house builders; "Slippery slope" provides evidence to fuel the house building industry's concerns about the declining efficiency of the planning system; "You're all doomed.." presents chief executive of Crest Nicholson John Calcutt's doomsday scenario for house builders who do not embrace the social agenda; "Up for it" profiles Spencer McCarthy, one of the industry's fastest risers; and "Top ten" showcases the 10 men who run the top 10 house builders. Provides a league table of Britain's top 25 house builders, giving key financial and operational details for each company. Lists key contacts.
590 ## - LOCAL NOTE (RLIN)
Local note ABS
650 ## - SUBJECT ADDED ENTRY--TOPICAL TERM
Topical term or geographic name entry element HOUSE BUILDERS
650 ## - SUBJECT ADDED ENTRY--TOPICAL TERM
Topical term or geographic name entry element HOUSE BUILDING INDUSTRY
650 ## - SUBJECT ADDED ENTRY--TOPICAL TERM
Topical term or geographic name entry element PLANNING SYSTEM
650 ## - SUBJECT ADDED ENTRY--TOPICAL TERM
Topical term or geographic name entry element RANKINGS
650 ## - SUBJECT ADDED ENTRY--TOPICAL TERM
Topical term or geographic name entry element STATISTICS
690 ## - LOCAL SUBJECT ADDED ENTRY--TOPICAL TERM (OCLC, RLIN)
Topical term or geographic name as entry element BUILT ENVIRONMENT-CONSTRUCTION MARKET
942 ## - ADDED ENTRY ELEMENTS (KOHA)
Suppress in OPAC 0
Holdings
Withdrawn status Lost status Source of classification or shelving scheme Damaged status Not for loan Home library Current library Shelving location Date acquired Total Checkouts Full call number Barcode Date last seen Date last checked out Copy number Price effective from Koha item type
    Dewey Decimal Classification     London London Journal article 29/10/2003 1 ABS67128 30062829 06/08/2019 19/01/2004 1 06/08/2019 Journal article